Statistiques concernant Trouvez le Disney (détails)

Cliquez ici pour prendre le quiz!

Statistiques générales

  • Ce quiz a été pris 151 fois
  • Le résultat moyen est 8 sur 12

Statistiques - réponses

Réponse% Correct
Bambi
96%
La belle au bois dormant
96%
La belle et le clochard
89%
Raiponce
84%
La belle et la bête
82%
Cendrillon
68%
Dumbo
67%
Alice au pays des merveilles
62%
Les aristochats
62%
Merlin l'enchanteur
47%
Fantasia
38%
Taram et le chaudron magique
21%

Distribution des résultats

Percentile par nombre de réponses

% des personnes avec chaque résultat

Votre développement - résultats

Vous n’avez pas pris ce quiz